000
00238nam a2200097Ia 4500
001
687454
005
20250826161556.0
008
250824s9999 xx 000 0 und d
245
0
_a
NUN GELİNCE
_c
SEZA KUTLAR AKSOY
260
_b
TUDEM YAYINLARI
999
_c
687454
_d
687454